Možnosti zdokonaľovania logistiky obstarávania v spoločnosti Philips Slovakia, s.r.o. diplomová práca

Uložené v:
Podrobná bibliografia
Hlavný autor: Cibulka, Tomáš
Korporativný autor: Fakulta podnikového manažmentu EU. Katedra manažmentu výroby a logistiky - zrušená
Ďalší autori: Dupaľ, Andrej
Médium: Kniha
Jazyk:Slovak
Vydavateľské údaje: Bratislava 2009
Tagy: Pridať tag
Žiadne tagy, Buďte prvý, kto otaguje tento záznam!

MARC

LEADER 00000nam$a2200000$$$4500
001 0102308
005 20240320075203.1
041 0 |a slo 
044 |a SK 
245 1 0 |a Možnosti zdokonaľovania logistiky obstarávania v spoločnosti Philips Slovakia, s.r.o.  |b diplomová práca  |c Tomáš Cibulka ; škol. Andrej Dupaľ 
264 1 |a Bratislava  |c 2009 
300 |a 64 s. 
100 1 |a Cibulka, Tomáš 
700 1 |a Dupaľ, Andrej 
710 2 |a Fakulta podnikového manažmentu EU. Katedra manažmentu výroby a logistiky - zrušená